Ako sa mení zákon č. 431/2002 Z.z. o účtovníctve v z.n.p. v roku 2018

Informácia o zmenách v novelizovanom zákone o účtovníctve platné od 1. januára 2018.

Gespeichert in:
Bibliographische Detailangaben
1. Verfasser: Pakšiová, Renáta, 1974-
Format: Buchkapitel
Sprache:Slowakisch
Schlagworte:
Tags: Tag hinzufügen
Keine Tags, Fügen Sie das erste Tag hinzu!

MARC

LEADER 00000naa a2200000 4500
001 0239720
005 20240502073903.7
041 0 |a slo 
044 |a SK 
245 1 0 |a Ako sa mení zákon č. 431/2002 Z.z. o účtovníctve v z.n.p. v roku 2018  |c Renáta Pakšiová 
520 |a Informácia o zmenách v novelizovanom zákone o účtovníctve platné od 1. januára 2018. 
610 2 0 |a zákony 
610 2 0 |a Slovensko 
610 2 0 |a pravidlá účtovné 
610 2 0 |a novelizácia 
100 1 |a Pakšiová, Renáta, 1974-